| 000 | 00000nam##2200000za#4500 |
| 001 | 9.695667 |
| 003 | CaOODSP |
| 005 | 20240209132437 |
| 007 | cr ||||||||||| |
| 008 | 150407|1996||||xxc|||||o f|0| 0 eng|d |
| 040 | |aCaOODSP|beng |
| 043 | |an-cn--- |
| 086 | 1 |aC89-1/3-1996E-PDF |
| 110 | 2 |aAtlantic Canada Opportunities Agency. |
| 245 | 10|a[The state of small business and entrepreneurship in Atlantic Canada, 1996] |h[electronic resource] |
| 260 | |aMoncton - New Brunswick : |bAtlantic Canada Opportunities Agency |c1996. |
| 300 | |a159p.|bgraphs, references, tables |
| 500 | |aContents: Background and introduction.--Growing small businesses.--Anatomy of job creation.--Home-based business.--Entrepreneurship among francophones.--Entrepreneurship and youth.--Entrepreneurship and education. |
| 500 | |aThe catalogue number (C89-1/3-1996E) and ISBN (0-662-24463-X) for the print edition have been incorrectly copied in this electronic publication. |
| 590 | |a12-13-Supp|b2012-04-03 |
| 775 | 08|t[État de la petite entreprise et de l'entrepreneuriat dans la région de l'Atlantique, 1996] |w(CaOODSP)9.639799 |
| 776 | 0#|tThe state of small business and entrepreneurship in Atlantic Canada, 1996 / |w(CaOODSP)9.646204 |
| 856 | 40|ahttp://publications.gc.ca|qPDF|s538 KB|uhttps://publications.gc.ca/collections/Collection/C89-1-3-1996E.pdf |